LEADER 01248nam0-22004091i-450- 001 990005555910203316 005 20110620045619.497 035 $a000555591 035 $aUSA01000555591 035 $a(ALEPH)000555591USA01 035 $a000555591 100 $a20101015d2010-------|0enac50------ba 101 $aeng 102 $aGB 105 $a|||| ||||| 200 1 $aLarge sample techniques for statistics$fJiming Jiang 210 $aNew York$cSpringer$d2010 215 $aXVII, 609 p.$c24 cm 225 2$aSpringer texts in statistics 410 1$12001$aSpringer texts in statistics 606 $acampionamento statistico$2FI 620 $dNew York 676 $a519.52$cTeoria del campionamento$v21 700 1$aJIANG,$bJiming$0614598 712 $aSpringer 801 $aIT$bSOL$c20120104 912 $a990005555910203316 950 $aDIP.TO SCIENZE ECONOMICHE - (SA)$dDS 500 519.52 JIA$e15617 DISES 951 $aDIP.TO SCIENZE ECONOMICHE - (SA)$bDS2010 1E 20101015 951 $a500 519.52 JIA$b15617 DISES 959 $aBK 969 $aDISES 979 $c20121027$lUSA01$h1533 979 $c20121027$lUSA01$h1613 996 $aLarge sample techniques for statistics$91131692 997 $aUNISA NUM $aUSA18425 LEADER 04091nam 2200517 450 001 9910466288003321 005 20200520144314.0 010 $a3-11-089255-3 024 7 $a10.1515/9783110892550 035 $a(CKB)3710000001091975 035 $a(MiAaPQ)EBC5156989 035 $a(DE-B1597)51069 035 $a(OCoLC)979849935 035 $a(DE-B1597)9783110892550 035 $a(Au-PeEL)EBL5156989 035 $a(CaPaEBR)ebr11566752 035 $a(EXLCZ)993710000001091975 100 $a20180818d1972 uy 0 101 0 $ager 135 $aurcnu|||||||| 181 $ctxt$2rdacontent 182 $cc$2rdamedia 183 $acr$2rdacarrier 200 00$aBodenrecht $eBeitra?ge zur Reform des Grundeigentums. /$fZusammengestellt von Hanspeter Knirsch 205 $aReprint 2017 210 1$aBerlin ;$aNew York :$cDe Gruyter,$d1972. 215 $a1 online resource (203 pages) 225 1 $aAktuelle Dokumente 311 $a3-11-003894-3 320 $aIncludes bibliographical references. 327 $tFrontmatter -- $tVorwort -- $tInhaltsübersicht -- $tI. Vorschlag zur Reform des Bodenmarktes -- $tII. Parteien und politische Jugendorganisationen -- $t1. Sozialdemokratische Partei Deutschlands (SPD) -- $t2. Christlich Demokratische Union Deutschlands (CDU) -- $t3. Freie Demokratische Partei (F.D.P.) -- $t4. Deutsche Kommunistische Partei (DKP) -- $t5. Nationaldemokratische Partei Deutschlands (NPD) -- $tIII. Weitere Stellungnahmen und Reformvorschläge -- $t1. Bodeneigentum und Städtebau - Ansprache des Bundespräsidenten auf dem Deutschen Städtetag in München, 1971 -- $t2. Das Bundesverfassungsgericht zur Problematik von Eigentum an Grund und Boden in einer Entscheidung vom 12. Januar 1967 -- $t3. Mehr Freiheit durdi den Sozialstaat "Eigentum verpflichtet' - Interpretationen zu einem Grundgesetzartikel / $rLeibholz, Gerhard -- $t4. Planungsgewinn soll den Gemeinden gehören - SPIEGEL-Interview mit Städtebauminister Dr. Lauritz Lauritzen, November 1971 -- $t5. Bodeneigentum - Bodenrechtsreform - Das Bodeneigentum in der modernen Rechtsprechung, Herbert K. R.Müller, 1965 / $rMüller, Herbert K. R. -- $t6. Privates Bodeneigentum dient dem Gemeinwohl - Dr. Hans Dieter Schoen für den Zentralverband der Deutschen Haus- und Grundeigentümer, 1971 / $rSchoen, Hans Dieter -- $t7. Gefahr der Kommunalisierung droht - Bedenken der Hauseigentümer gegen das Städtebauförderungsgesetz -- $t8. Bodengewinne in Höhe von 50 Milliarden? Bauboden ist vermehrbar - Stellungnahme der Haus- und Grundeigentümer -- $t9. Bodeneigentum in der Landwirtschaft - Städtebauförderung, Raumplanung und Bodenmobilität -- $t10. Leitsätze des Deutschen Gewerkschaftsbundes zu Regional-, Städtebau- und Wohnungspolitik im Rahmen von Raumordnungs- und Strukturpolitik - Entschließung des 8. o. Bundeskongresses des DGB in München, 1969 -- $t11. DGB für Bodenertragssteuer -- $t12. Zum Städtebauförderungsgesetz - Appell der Kommunalen Spitzenverbände an den VI. Deutschen Bundestag (mit Anhang: Stadterneuerung und Städtebauförderung im Recht des westlichen Auslands), -- $t13. Überlegungen zum geltenden Boden- und Mietrecht Helge Klawitter für die Humanistische Union, November 1971 -- $t14. Entschließung des Deutschen Evangelischen Kirchentages in Stuttgart zum Eigentum an Grund und Boden, 1969 -- $t15. Eigentumsentwicklung in der Bundesrepublik Deutschland - Rat der Evangelischen Kirche in Deutschland, 1962 -- $t16. Raumordnung und Eigentum Kommissariat der Deutschen Bischöfe, 1971 - Kommissariat der Deutschen Bischöfe, 1971 -- $tBackmatter 410 0$aAktuelle Dokumente. 606 $aReal property$zGermany (West) 606 $aLand tenure$xLaw and legislation$zGermany (West) 608 $aElectronic books. 615 0$aReal property 615 0$aLand tenure$xLaw and legislation 676 $a346.43043 702 $aKnirsch$b Hanspeter 801 0$bMiAaPQ 801 1$bMiAaPQ 801 2$bMiAaPQ 906 $aBOOK 912 $a9910466288003321 996 $aBodenrecht$92467905 997 $aUNINA LEADER 04283nam 22006975 450 001 996309065303316 005 20210817105510.0 010 $a3-0356-1801-1 024 7 $a10.1515/9783035618013 035 $a(CKB)4100000005958591 035 $a(DE-B1597)500496 035 $a(OCoLC)1049666888 035 $a(DE-B1597)9783035618013 035 $aEBL7015258 035 $a(AU-PeEL)EBL7015258 035 $a(EXLCZ)994100000005958591 100 $a20190615d2018 fg 101 0 $aeng 135 $aur||#|||||||| 181 $ctxt$2rdacontent 182 $cc$2rdamedia 183 $acr$2rdacarrier 200 00$aChallenging The City Scale $eJourneys in People-Centred Design /$fCLEAR VILLAGE, Cité du Design, Josyane Franc, Olivier Peyricot, Camille Vilain, Thomas Ermacora, Frank van Hasselt, Robin Houterman 210 1$aBasel :$cBirkhäuser,$d[2018] 210 4$d©2018 215 $a1 online resource 300 $aDescription based upon print version of record. 311 $a3-0356-1796-1 327 $tFrontmatter --$tContents --$tPart 1. Introduction --$tForeword /$rFranc, Josyane / Peyricot, Olivier --$tTowards a Human City /$rBastin, Côme --$tFrom Neighbourhood to Bioregion: The City as a Living System --$tPart 2. Experiments --$tCo-creation across Europe /$rHolmberg, Alice --$tMap of Experiments --$tSaint-Étienne --$tMilan --$tLjubljana --$tLondon --$tCieszyn --$tBelgrade --$tBrussels --$tHelsinki --$tGraz --$tTallinn --$tBilbao --$tBuilding Societies: Detroit's Micro Utopian Urbanisms /$rSirota, Anya --$tPart 3. Conclusion --$tLessons from the Journey /$rHouterman, Robin --$tAfterword /$rFranc, Josyane / Peyricot, Olivier --$tAcknowledgements --$tBiographies --$tColophon 330 $aSeit 2014 arbeitet das Netzwerk Human Cities an Challenging the City Scale: einem geförderten EU-Projekt im Rahmen von Creative Europe, unter der Leitung von Cité du design Saint-Étienne. Verschiedene Stadtexperimente in elf europäischen Städten sollten die Bürger dazu befähigen, die Räume, in denen sie leben, arbeiten und ihre Freizeit verbringen, neu zu denken und aktiv mitzugestalten. In Gesprächen mit Beteiligten wurde untersucht, wie solche Bottom-up-Prozesse mit ihren Werkzeugen und Instrumenten neue Ideen für die Zusammenarbeit zwischen Bewohnern und Stadtverwaltung liefern können. Das Buch bietet eine Vielzahl von Inspirationen und Erkenntnissen für all die Planer und Politiker, Praktiker und aktiven Bürger, die neue Wege suchen, um gemeinsam menschliche Städte zu erschaffen. 330 $aSince 2014, the Human Cities network has been working on Challenging the City Scale: a pan-European project led by Cité?du design Saint-Étienne and supported by the Creative Europe programme to question the urban scale and investigate co-creation in cities. The Human Cities partners have carried out urban experimentations in 11 European cities empowering citizens to rethink the spaces in which they live, work and spend their leisure time. Through conversations with people involved, the book examines how bottom-up processes and their design, tools and instruments generate new ideas to reinvent the city. It offers inspiration and insights to everyone, from practitioners and politicians to designers and active citizens, eager to try out new ways to produce more human cities together. 606 $aBottom-up 606 $aCities 606 $aCivil Participation 606 $aClear Village 606 $aHuman 606 $aUrban planning 606 $aARCHITECTURE / Regional$2bisacsh 608 $aElectronic books. 615 4$aBottom-up. 615 4$aCities. 615 4$aCivil Participation. 615 4$aClear Village. 615 4$aHuman. 615 4$aUrban planning. 615 7$aARCHITECTURE / Regional. 676 $a720.1/03 702 $aCLEAR VILLAGE 702 $aCité du Design 702 $aErmacora$b Thomas 702 $aFranc$b Josyane 702 $aHouterman$b Robin 702 $aPeyricot$b Olivier 702 $aVilain$b Camille 702 $avan Hasselt$b Frank 801 0$bDE-B1597 801 1$bDE-B1597 906 $aBOOK 912 $a996309065303316 996 $aChallenging The City Scale$92064965 997 $aUNISA